00340 a2200109 4500001001000000005001700010008004100027245005900068100002600127773006000153999001700213ART_4186520260410162023.0260409a 10aLa tendencia actual a ampliar la legitimación activa1 aVásquez, María G.0 tJurisprudencia Argentinag- Nº 1 (abr. 2006)wREV41622 c33343d33343